Writing Academic English A writing and sentence structure handbook
Viết một đoạn văn, viết một bài luận, sử dụng tài liệu tham khảo bên ngoài, cấu trúc câu,....
Guardado en:
| Autor principal: | |
|---|---|
| Otros Autores: | |
| Formato: | Libro |
| Lenguaje: | Vietnamese |
| Publicado: |
Addison wesley
|
| Edición: | ấn bản thứ hai |
| Materias: | |
| Etiquetas: |
Agregar Etiqueta
Sin Etiquetas, Sea el primero en etiquetar este registro!
|
| Thư viện lưu trữ: | Mạng thư viện Đại học Đà Nẵng |
|---|
| LEADER | 01283nam a2200361 4500 | ||
|---|---|---|---|
| 001 | 000009697 | ||
| 003 | 5894 | ||
| 005 | 20111031151018.0 | ||
| 008 | 111031s viesd | ||
| 041 | 0 | |a vie | |
| 082 | |a 808.042 |b OS-A | ||
| 100 | 0 | |a Oshima Alice | |
| 245 | 0 | |a Writing Academic English |b A writing and sentence structure handbook |c Oshima Alice, Hogue Ann | |
| 250 | |a ấn bản thứ hai | ||
| 260 | |b Addison wesley | ||
| 300 | |a 274 tr. |c 27 cm | ||
| 520 | |a Viết một đoạn văn, viết một bài luận, sử dụng tài liệu tham khảo bên ngoài, cấu trúc câu,.... | ||
| 653 | |a Sách | ||
| 653 | |a rèn kĩ năng viết bài | ||
| 653 | |a Sử dụng cấu trúc câu | ||
| 700 | |a Oshima Alice |e Tác giả | ||
| 700 | |a Hogue Ann |e Tác giả | ||
| 910 | |a Thanh |d 31/10/2011 | ||
| OWN | |a LSP | ||
| AVA | |a UDN50 |b LSP |d 808.042 OS-A |e unavailable |t Error 5002 Not defined in file expand_doc_bib_avail. |f 1 |g 1 |h N |i 0 |k 1 | ||
| 999 | |a From the UDN01 | ||
| AVA | |a UDN50 |b LSP |d 808.042 OS-A |e unavailable |t Error 5002 Not defined in file expand_doc_bib_avail. |f 1 |g 1 |h N |i 0 |k 1 | ||
| TYP | |a Monograph | ||
| TYP | |a Printed language | ||
| 980 | |a Mạng thư viện Đại học Đà Nẵng | ||